[Event "2.BLW 1617 SV Würselen - SG Bochum"]
[Site "?"]
[Date "2017.05.08"]
[Round "9.2"]
[White "Fridman, Rafael"]
[Black "Kotainy, Jens"]
[Result "1/2-1/2"]
[WhiteElo "2464"]
[BlackElo "2404"]
[PlyCount "33"]
[EventDate "2017.??.??"]

1. Nf3 Nf6 2. g3 d5 3. Bg2 Bg4 4. Ne5 Be6 5. d4 Nbd7 6. c4 c6 7. Nd2 g6 8. O-O
Bg7 9. cxd5 cxd5 10. Ndf3 O-O 11. Nxd7 Bxd7 12. Ne5 Bf5 13. Qb3 Qb6 14. Be3
Rfc8 15. Rfc1 Qxb3 16. axb3 Bc2 17. b4 {(=)} 1/2-1/2

[Event "2.BLW 1617 SV Würselen - SG Bochum"]
[Site "?"]
[Date "2017.05.08"]
[Round "9.3"]
[White "Goudriaan, Etienne"]
[Black "Geiernaert, Steven"]
[Result "1-0"]
[WhiteElo "2369"]
[BlackElo "2464"]
[PlyCount "135"]
[EventDate "2017.??.??"]

1. d4 Nf6 2. c4 e6 3. Nf3 b6 4. a3 Bb7 5. Nc3 Ne4 6. Nxe4 Bxe4 7. Bf4 Be7 8. e3
O-O 9. Bd3 Bxd3 10. Qxd3 d6 11. h4 Nd7 12. O-O-O Re8 13. e4 e5 14. dxe5 Nxe5
15. Bxe5 dxe5 16. Qxd8 Raxd8 17. Rxd8 Rxd8 18. Rd1 Rxd1+ 19. Kxd1 f6 20. h5 Kf7
21. Ne1 Ke6 22. g4 a5 23. Kc2 a4 24. Nd3 c6 25. f3 Kd7 26. Nc1 Bc5 27. Ne2 Bd4
28. f4 Kd6 29. b3 Kc5 30. f5 Bf2 31. Kc3 axb3 32. Kxb3 Be1 33. Ng1 h6 34. Nf3
Ba5 35. g5 Kd6 36. g6 Ke7 37. Kc2 Ke8 38. Kd3 Ke7 39. Kc2 Ke8 40. Ng1 Ke7 41.
Ne2 Kd6 42. Nc1 Ke7 43. Nd3 Ke8 44. Kb3 Bd2 45. a4 Ke7 46. c5 b5 47. Kc2 Ba5
48. axb5 cxb5 49. Kb3 Bd2 50. Nb4 Bg5 51. Nc6+ Kd7 52. Na7 Bd2 53. Nxb5 Kc6 54.
Nd6 Kxc5 55. Ne8 Bg5 56. Nxg7 Kd6 57. Ne6 Ke7 58. Kc4 Bh4 59. Kd5 Be1 60. Kc6
Bf2 61. Nc7 Bh4 62. Nd5+ Ke8 63. Kd6 Kf8 64. Ke6 Kg7 65. Ke7 Be1 66. Nc7 Bh4
67. Ne8+ Kg8 68. Ke6 1-0

[Event "2.BLW 1617 SV Würselen - SG Bochum"]
[Site "?"]
[Date "2017.05.08"]
[Round "9.4"]
[White "Klyuner, Vyacheslav"]
[Black "Schlawin, Marlon"]
[Result "1/2-1/2"]
[WhiteElo "2440"]
[BlackElo "2358"]
[PlyCount "91"]
[EventDate "2017.??.??"]

1. e4 e6 2. d3 d5 3. Nd2 Nf6 4. Ngf3 b6 5. g3 dxe4 6. dxe4 Bb7 7. Bb5+ Nbd7 8.
Ne5 a6 9. Bc6 Bxc6 10. Nxc6 Qc8 11. Nd4 Qb7 12. Qe2 Rd8 13. N4f3 e5 14. O-O Bc5
15. a3 a5 16. b3 O-O 17. Bb2 Rfe8 18. Rae1 b5 19. Ra1 Bd6 20. a4 b4 21. Ne1 Nc5
22. f3 Nfd7 23. Nc4 Qa6 24. Ng2 Ne6 25. Rfd1 Bc5+ 26. Kf1 Nd4 27. Bxd4 Bxd4 28.
Rab1 Nb6 29. Nce3 Qxe2+ 30. Kxe2 g6 31. Rd3 Rd6 32. Rbd1 Rc6 33. R1d2 Kf8 34.
h4 Bc3 35. Rd1 Bd4 36. h5 Kg7 37. Rh1 f6 38. Rdd1 Rf8 39. hxg6 hxg6 40. Rh4 Rh8
41. Rxh8 Kxh8 42. f4 Kg7 43. f5 Nc8 44. fxg6 Nd6 45. Kf3 Kxg6 46. Ne1 1/2-1/2

[Event "2.BLW 1617 SV Würselen - SG Bochum"]
[Site "?"]
[Date "2017.05.08"]
[Round "9.5"]
[White "Hengelbrock, Joachim"]
[Black "Hovhannisyan, Mher"]
[Result "0-1"]
[WhiteElo "2305"]
[BlackElo "2450"]
[PlyCount "66"]
[EventDate "2017.??.??"]

1. c4 c6 2. Nf3 d5 3. b3 Nf6 4. Bb2 Bf5 5. g3 e6 6. Bg2 h6 7. O-O a5 8. d3 Be7
9. Nbd2 O-O 10. Re1 a4 11. e4 Bh7 12. e5 Nfd7 13. d4 a3 14. Bc3 Na6 15. c5 b6
16. b4 bxc5 17. dxc5 Naxc5 18. bxc5 Nxc5 19. Bf1 Na4 20. Rc1 c5 21. Ba1 Nb2 22.
Qb3 c4 23. Qc3 Qb6 24. Nd4 Bb4 25. Qe3 Bc5 26. N2f3 Be4 27. Qd2 Bb4 28. Qf4
Bxe1 29. Rxe1 Bxf3 30. Nxf3 c3 31. Rc1 Ra4 32. Qe3 d4 33. Qe1 Rd8 0-1

[Event "2.BLW 1617 SV Würselen - SG Bochum"]
[Site "?"]
[Date "2017.05.08"]
[Round "9.6"]
[White "Cekro, Ekrem"]
[Black "Werthebach, Felix"]
[Result "1-0"]
[WhiteElo "2399"]
[BlackElo "2173"]
[PlyCount "62"]
[EventDate "2017.??.??"]

1. c4 f5 2. g3 Nf6 3. Bg2 d6 4. Nc3 g6 5. d3 Bg7 6. e4 Nc6 7. Nge2 Be6 8. b3
fxe4 9. dxe4 Nd7 10. O-O Nc5 11. Rb1 a5 12. Be3 O-O 13. h3 a4 14. Nb5 axb3 15.
axb3 Qc8 16. Kh2 Ne5 17. Nf4 Bf7 18. Nd5 Bxd5 19. exd5 c6 20. Nd4 cxd5 21. cxd5
Ra2 22. Rc1 Ned3 23. Rc2 Qa8 24. Ne6 Nb2 25. Qg4 Nxe6 26. Qxe6+ Kh8 27. Qxe7
Re8 28. Qxd6 Nd3 29. Rc7 Be5 30. Bd4 Bxd4 31. Qd7 Re7 1-0

[Event "2.BLW 1617 SV Würselen - SG Bochum"]
[Site "?"]
[Date "2017.05.08"]
[Round "9.7"]
[White "Baltic, Fatih"]
[Black "Docx, Stefan"]
[Result "1/2-1/2"]
[WhiteElo "2219"]
[BlackElo "2426"]
[PlyCount "158"]
[EventDate "2017.??.??"]

1. e4 e5 2. Nf3 Nc6 3. Bc4 Bc5 4. c3 Nf6 5. d3 O-O 6. O-O d5 7. exd5 Nxd5 8.
Nbd2 Nb6 9. Bb5 Bd6 10. Bxc6 bxc6 11. d4 exd4 12. Nxd4 c5 13. N4f3 Re8 14. Re1
Bb7 15. Nf1 Rxe1 16. Qxe1 Qf6 17. Qe2 Bc6 18. Be3 Re8 19. Re1 a5 20. Qd1 h6 21.
Bc1 Rd8 22. Qe2 a4 23. Ng3 Re8 24. Qc2 Rxe1+ 25. Nxe1 Qe6 26. Qd2 Qxa2 27. Nf5
Qe6 28. Nxd6 cxd6 29. Qe3 Qg6 30. f3 Qb1 31. Qd2 Bb5 32. h3 d5 33. Kh2 Bd7 34.
Qc2 Qa1 35. g4 Bb5 36. Qd2 Nc4 37. Qc2 Ne5 38. f4 Bd3 39. Qd1 a3 40. bxa3 Qxc3
41. fxe5 Qxe5+ 42. Kg2 Be4+ 43. Nf3 Qc3 44. Bf4 Qxa3 45. Kf2 f6 46. Qe2 Kf7 47.
Nd2 Bg6 48. Qf3 Qa2 49. Qb3 Qa8 50. Qb6 c4 51. Qc5 Kg8 52. Qc7 Kh7 53. Qc5 Qb7
54. Qd4 Qc6 55. Qc3 Qa4 56. Nf3 Be4 57. Nd2 Bd3 58. Nf3 Qa2+ 59. Bd2 Be4 60.
Nd4 Qb1 61. Qc1 Qb6 62. Be3 Qa5 63. Bd2 Qa2 64. Qc3 Qa7 65. Qe3 Qb8 66. Kg1 Bd3
67. Qe1 Be4 68. Qe3 Qb1+ 69. Kf2 Qh1 70. Qg3 Qd1 71. Qe3 Qh1 72. Qg3 Bd3 73.
Qg2 Qd1 74. Kg3 Be4 75. Qf2 c3 76. Be3 c2 77. Qd2 Qh1 78. Nxc2 Qf3+ 79. Kh2
Qh1+ 1/2-1/2

[Event "2.BLW 1617 SV Würselen - SG Bochum"]
[Site "?"]
[Date "2017.05.08"]
[Round "9.8"]
[White "Beukema, Stefan"]
[Black "Koellner, Ruben Gideon"]
[Result "1-0"]
[WhiteElo "2400"]
[BlackElo "2104"]
[PlyCount "71"]
[EventDate "2017.??.??"]

1. e4 c5 2. Nf3 e6 3. Qe2 Nc6 4. g3 Nge7 5. Bg2 d5 6. d3 g6 7. O-O Bg7 8. e5 b6
9. Na3 a6 10. c4 Nf5 11. Nc2 Bb7 12. Bf4 O-O 13. g4 Nfd4 14. Ncxd4 Nxd4 15.
Nxd4 cxd4 16. b3 Qd7 17. Rac1 Rfc8 18. Bg3 Bf8 19. f4 Ba3 20. Rb1 Rab8 21. f5
b5 22. cxb5 Qxb5 23. b4 Rc3 24. Qf2 exf5 25. gxf5 Qxd3 26. e6 Rf8 27. Bd6 Qe3
28. Bxf8 Kxf8 29. fxg6 hxg6 30. Qxe3 dxe3 31. Rxf7+ Ke8 32. Rxb7 d4 33. Be4 d3
34. Bxg6+ Kf8 35. e7+ Kg8 36. e8=Q# 1-0

[Event "2.BLW 1617 Düsseldorfer SK - Hansa Dort"]
[Site "?"]
[Date "2017.05.08"]
[Round "9.1"]
[White "Markus, Robert"]
[Black "Schuh, Dirk"]
[Result "1-0"]
[WhiteElo "2673"]
[BlackElo "2379"]
[PlyCount "75"]
[EventDate "2017.??.??"]

1. d4 d5 2. c4 e6 3. Nf3 Nf6 4. g3 Bb4+ 5. Bd2 Be7 6. Bg2 O-O 7. O-O c6 8. Qc2
b6 9. Rd1 Nbd7 10. Bf4 Bb7 11. Ne5 Rc8 12. Nc3 b5 13. c5 Nxe5 14. Bxe5 Nd7 15.
Bf4 g5 16. Be3 f5 17. b4 Qe8 18. a4 a6 19. axb5 cxb5 20. Qb3 Qf7 21. c6 Bxc6
22. Rxa6 f4 23. Bd2 Kh8 24. e4 dxe4 25. Nxe4 f3 26. Rxc6 Rxc6 27. Bf1 Qf5 28.
Nc5 Nxc5 29. dxc5 e5 30. Bxb5 Rh6 31. Bf1 Rh5 32. Bc3 Bf6 33. Rd6 g4 34. Qd5
Qb1 35. Rxf6 Rxf6 36. Bxe5 Rxe5 37. Qxe5 Kg7 38. c6 1-0

[Event "2.BLW 1617 Düsseldorfer SK - Hansa Dort"]
[Site "?"]
[Date "2017.05.08"]
[Round "9.2"]
[White "Stark, Lars"]
[Black "Mainka, Romuald"]
[Result "1-0"]
[WhiteElo "2399"]
[BlackElo "2406"]
[PlyCount "60"]
[EventDate "2017.??.??"]

1. c4 e5 2. g3 Nf6 3. Bg2 Bc5 4. Nc3 a6 5. e3 Ba7 6. Nge2 d6 7. d4 Nc6 8. O-O
h6 9. b3 O-O 10. h3 Re8 11. Kh2 exd4 12. Nxd4 Nxd4 13. exd4 Rb8 14. Qd3 Bd7 15.
a4 Nh7 16. Be3 Qc8 17. Rfe1 Bf5 18. Qd2 Nf6 19. Bf4 Qd7 20. a5 Rbd8 21. b4 Rxe1
22. Rxe1 Re8 23. Rxe8+ Nxe8 24. g4 Bg6 25. b5 axb5 26. cxb5 d5 27. Nxd5 Qxb5
28. Nxc7 Nxc7 29. Bxc7 f6 30. Bd6 Qe8 1-0

[Event "2.BLW 1617 Düsseldorfer SK - Hansa Dort"]
[Site "?"]
[Date "2017.05.08"]
[Round "9.3"]
[White "Wegener, Olaf"]
[Black "de Gleria, Francesco"]
[Result "1/2-1/2"]
[WhiteElo "2431"]
[BlackElo "2379"]
[PlyCount "51"]
[EventDate "2017.??.??"]

1. e4 c5 2. Nf3 d6 3. d4 cxd4 4. Nxd4 Nf6 5. Nc3 a6 6. h3 Nc6 7. g4 Nxd4 8.
Qxd4 e5 9. Qd3 Be6 10. Bg2 Be7 11. Be3 Rc8 12. Qd2 O-O 13. Bf3 Nd7 14. Be2 Qc7
15. O-O Nb6 16. Rac1 Nc4 17. Bxc4 Qxc4 18. Rfd1 Rfe8 19. f3 h6 20. a3 b5 21.
Qd3 Red8 22. Rd2 Bg5 23. Bxg5 hxg5 24. Nd5 Qxd3 25. Rxd3 Kf8 26. c3 1/2-1/2

[Event "2.BLW 1617 Düsseldorfer SK - Hansa Dort"]
[Site "?"]
[Date "2017.05.08"]
[Round "9.4"]
[White "Coenen, Michael"]
[Black "Pap, Misa"]
[Result "0-1"]
[WhiteElo "2374"]
[BlackElo "2480"]
[PlyCount "80"]
[EventDate "2017.??.??"]

1. Nf3 f5 2. d3 Nc6 3. e4 e5 4. Bg5 Be7 5. Bxe7 Ngxe7 6. d4 fxe4 7. Nxe5 O-O 8.
Nxc6 bxc6 9. Qd2 Nf5 10. Be2 e3 11. fxe3 Qh4+ 12. Kd1 Re8 13. Kc1 Nxe3 14. Bd3
d5 15. Re1 Qxh2 16. Nc3 Bg4 17. b3 Qh6 18. Kb1 Bf5 19. Re2 Bxd3 20. Qxd3 Nxg2
21. Kb2 Rxe2 22. Qxe2 Ne3 23. Re1 Nf5 24. Qd3 Qf6 25. Re5 g6 26. Na4 a5 27. Nc5
Qh4 28. c3 Nd6 29. Re2 Rf8 30. Ne6 Rf2 31. Nxc7 Qe4 32. Qxe4 Nxe4 33. Rxf2 Nxf2
34. a4 Ne4 35. b4 axb4 36. cxb4 Kf7 37. a5 Nd6 38. Kc3 Ke7 39. a6 Nc8 40. b5
Kd7 0-1

[Event "2.BLW 1617 Düsseldorfer SK - Hansa Dort"]
[Site "?"]
[Date "2017.05.08"]
[Round "9.5"]
[White "Kalka, Arkadius Georg"]
[Black "Miedema, David"]
[Result "0-1"]
[WhiteElo "2326"]
[BlackElo "2361"]
[PlyCount "64"]
[EventDate "2017.??.??"]

1. c4 e6 2. g3 d5 3. Bg2 dxc4 4. Na3 Bxa3 5. bxa3 c6 6. Bb2 f6 7. Qc2 b5 8. a4
a6 9. Be4 Ne7 10. g4 e5 11. g5 f5 12. Bg2 O-O 13. Bxe5 Ng6 14. Bxb8 Rxb8 15.
Bxc6 Rb6 16. Bf3 Qxg5 17. axb5 axb5 18. a4 f4 19. Be4 Re8 20. Nf3 Qe7 21. Bd5+
Kh8 22. O-O Rd6 23. Ba8 Bh3 24. axb5 Bxf1 25. Kxf1 Qxe2+ 26. Kg1 Ne5 27. Nxe5
Qxe5 28. Qb1 f3 29. Bxf3 Rxd2 30. Ra8 Rxa8 31. Bxa8 Qf4 32. Kh1 Qxf2 0-1

[Event "2.BLW 1617 Düsseldorfer SK - Hansa Dort"]
[Site "?"]
[Date "2017.05.08"]
[Round "9.6"]
[White "Harff, Marcel"]
[Black "Ackermann, Hans Werner"]
[Result "1/2-1/2"]
[WhiteElo "2360"]
[BlackElo "2262"]
[PlyCount "47"]
[EventDate "2017.??.??"]

1. c4 d6 2. e3 g6 3. Nf3 Bg7 4. d4 Nd7 5. Be2 e5 6. Nc3 Ne7 7. O-O O-O 8. b4
Nf5 9. Bb2 Re8 10. Re1 c6 11. dxe5 Nxe5 12. Nd4 a6 13. c5 a5 14. a3 axb4 15.
axb4 Rxa1 16. Bxa1 dxc5 17. bxc5 Nxd4 18. exd4 Nd7 19. Qa4 Nf6 20. Rd1 Be6 21.
Qb4 Re7 22. Bf1 Nd5 23. Nxd5 Bxd5 24. Re1 1/2-1/2

[Event "2.BLW 1617 Düsseldorfer SK - Hansa Dort"]
[Site "?"]
[Date "2017.05.08"]
[Round "9.7"]
[White "Kotter, Ralf"]
[Black "Hainke, Guntram"]
[Result "1-0"]
[WhiteElo "2376"]
[BlackElo "2292"]
[PlyCount "111"]
[EventDate "2017.??.??"]

1. e4 e6 2. d4 d5 3. e5 c5 4. c3 Nc6 5. Nf3 Bd7 6. a3 f6 7. Bb5 Qc7 8. Bxc6
Bxc6 9. O-O O-O-O 10. Re1 Bd7 11. dxc5 Bxc5 12. b4 Be7 13. Qd4 Qb6 14. Qxb6
axb6 15. a4 Kc7 16. Be3 Nh6 17. exf6 Bxf6 18. Bf4+ Kc8 19. Nbd2 Nf7 20. a5 b5
21. Ne5 Nxe5 22. Bxe5 Bxe5 23. Rxe5 Rhf8 24. Nb3 Kc7 25. Nc5 Rde8 26. Rae1 Rf6
27. R1e3 h6 28. h4 Kc6 29. g3 Bc8 30. Nb3 Kd6 31. f4 Bd7 32. Nc5 Bc8 33. Kf2
Ref8 34. Ke2 R8f7 35. Kd3 Rf5 36. Kd4 Rxe5 37. Rxe5 Rf6 38. Nd3 Rf7 39. g4 Rc7
40. Nc5 Rf7 41. Ke3 Rc7 42. g5 Rf7 43. Nd3 Rc7 44. gxh6 gxh6 45. Rh5 Rxc3 46.
Rxh6 Ke7 47. Kd2 d4 48. Ne5 Kd6 49. Nd3 Ke7 50. Rh5 Bd7 51. Re5 Kd6 52. Nc5 Rh3
53. h5 Bc6 54. Nxe6 Bd5 55. Nxd4 Rh2+ 56. Ke3 1-0

[Event "2.BLW 1617 Düsseldorfer SK - Hansa Dort"]
[Site "?"]
[Date "2017.05.08"]
[Round "9.8"]
[White "Herzum, Peter"]
[Black "Sundorf, Jannik"]
[Result "1-0"]
[WhiteElo "2028"]
[BlackElo "2185"]
[PlyCount "67"]
[EventDate "2017.??.??"]

1. e4 c5 2. Nf3 d6 3. d4 cxd4 4. Nxd4 Nf6 5. Nc3 g6 6. Be3 Bg7 7. f3 Nc6 8. Qd2
O-O 9. O-O-O d5 10. Qe1 e5 11. Nxc6 bxc6 12. exd5 Nxd5 13. Bc4 Be6 14. Bc5 Re8
15. Ne4 Qc7 16. h4 h6 17. g4 Red8 18. h5 g5 19. Ba3 Nf4 20. Bxe6 Rxd1+ 21. Qxd1
Nxe6 22. Rh2 Rd8 23. Rd2 Rxd2 24. Qxd2 Nd4 25. c3 Nxf3 26. Qf2 Nh4 27. Bd6 Qd8
28. Qxa7 f5 29. gxf5 Nxf5 30. Qb8 Qxb8 31. Bxb8 Kf8 32. a4 Ke7 33. a5 Kd7 34.
a6 1-0

[Event "2.BLW 1617 Aachener SV - SG Solingen"]
[Site "?"]
[Date "2017.05.08"]
[Round "9.1"]
[White "Wegerle, Joerg"]
[Black "Seel, Christian"]
[Result "1/2-1/2"]
[WhiteElo "2432"]
[BlackElo "2470"]
[PlyCount "88"]
[EventDate "2017.??.??"]

1. d4 Nf6 2. Nf3 g6 3. Nc3 d5 4. Bf4 Bg7 5. e3 O-O 6. Be2 c5 7. O-O cxd4 8.
exd4 Nc6 9. Ne5 Bf5 10. Re1 Rc8 11. Nxc6 Rxc6 12. Bb5 Rc8 13. Bd3 Bxd3 14. Qxd3
Qb6 15. Rab1 e6 16. Be5 Qc6 17. Re2 a6 18. Nd1 Nh5 19. c3 b5 20. Qd2 a5 21.
Bxg7 Kxg7 22. f3 b4 23. Re3 Qb6 24. Rc1 Rc4 25. Nf2 Nf6 26. Ng4 bxc3 27. bxc3
Rfc8 28. Ne5 R4c7 29. Re2 a4 30. Qe3 Qa5 31. Rec2 a3 32. h4 Rb7 33. c4 dxc4 34.
Nxc4 Qh5 35. Qg5 Ra7 36. Qxh5 gxh5 37. Ne3 Rb8 38. Kf2 Ra4 39. Rd1 Rbb4 40.
Rcd2 Rb2 41. Re2 Kg6 42. Rd3 Nd7 43. g3 Nb6 44. d5 Nxd5 {(=)} 1/2-1/2

[Event "2.BLW 1617 Aachener SV - SG Solingen"]
[Site "?"]
[Date "2017.05.08"]
[Round "9.2"]
[White "Koch, Thomas"]
[Black "Schroeder, Kevin"]
[Result "1-0"]
[WhiteElo "2484"]
[BlackElo "2352"]
[PlyCount "147"]
[EventDate "2017.??.??"]

1. d4 Nf6 2. c4 e6 3. Nf3 Bb4+ 4. Bd2 a5 5. g3 b6 6. Bg2 Bb7 7. O-O Bxd2 8.
Qxd2 O-O 9. Nc3 Ne4 10. Nxe4 Bxe4 11. Qf4 d5 12. cxd5 exd5 13. Rac1 c6 14. Ne5
Bxg2 15. Kxg2 Qe8 16. Qf5 Kh8 17. Rc3 f6 18. Nd3 Na6 19. Nf4 g6 20. Qh3 Rg8 21.
Re3 Qc8 22. Rc1 Qxh3+ 23. Kxh3 Nb8 24. Re6 Kg7 25. Re7+ Kh6 26. Rf7 f5 27. g4
fxg4+ 28. Kxg4 Rg7 29. Rf8 Re7 30. Rg8 Rg7 31. Re8 Rga7 32. Rc3 Kg7 33. Rf3 Kf7
34. Rh8 Nd7 35. Nxd5+ Kg7 36. Rxa8 Rxa8 37. Re3 Rd8 38. Nf4 Kf7 39. Kf3 Nf6 40.
Rc3 g5 41. Nd3 g4+ 42. Kg2 Rxd4 43. Rxc6 Nd5 44. Kg3 Re4 45. Rd6 Ne7 46. Rxb6
Nf5+ 47. Kg2 Rxe2 48. Rb5 Kf6 49. Rxa5 Rd2 50. Ne5 h5 51. Nc4 Rd3 52. a4 h4 53.
Ra6+ Kg5 54. Rg6+ Kh5 55. Rxg4 h3+ 56. Kf1 Rd1+ 57. Ke2 Rh1 58. Rg8 Rxh2 59.
Rh8+ Nh6 60. Ne3 Rh1 61. Nf5 Kg6 62. Rxh6+ Kxf5 63. Kf3 Kg5 64. Rh8 Rb1 65.
Rxh3 Rxb2 66. Rh8 Rb3+ 67. Kg2 Ra3 68. Ra8 Kf5 69. a5 Kg5 70. a6 Kf6 71. a7 Kg7
72. f4 Kh7 73. Kf2 Kg7 74. Ke2 1-0

[Event "2.BLW 1617 Aachener SV - SG Solingen"]
[Site "?"]
[Date "2017.05.08"]
[Round "9.3"]
[White "Schaefer, Markus"]
[Black "Vandenbussche, Thibaut"]
[Result "1-0"]
[WhiteElo "2396"]
[BlackElo "2386"]
[PlyCount "109"]
[EventDate "2017.??.??"]

1. e4 d6 2. d4 Nf6 3. Nc3 e5 4. Nge2 Be7 5. f3 exd4 6. Qxd4 Nc6 7. Qd2 O-O 8.
Nf4 Ne5 9. Be2 c6 10. O-O Ng6 11. Kh1 Nxf4 12. Qxf4 Be6 13. b3 d5 14. exd5 cxd5
15. Bb2 Rc8 16. Qd2 Qa5 17. a3 Rfd8 18. b4 Bxb4 19. axb4 Qxb4 20. Rab1 d4 21.
Qf4 Rxc3 22. Bxc3 Qxc3 23. Rxb7 Nd7 24. Bd3 g6 25. Rxa7 Nc5 26. Qg5 Rc8 27. Rc7
Rxc7 28. Qd8+ Kg7 29. Qxc7 Nxd3 30. Qxc3 dxc3 31. cxd3 c2 32. Rc1 Bf5 33. d4 g5
34. Kg1 Kf6 35. Kf2 Ke6 36. Ke3 Kd5 37. Ra1 Kc4 38. Kd2 Bg6 39. Ra5 Kxd4 40.
Rxg5 h6 41. Rg4+ Kd5 42. Ra4 h5 43. h4 Ke5 44. g4 Kf6 45. Ra5 hxg4 46. fxg4 Kg7
47. Rc5 Be4 48. Rxc2 Bxc2 49. Kxc2 Kf6 50. Kd3 Ke5 51. Ke3 f5 52. g5 f4+ 53.
Kf2 Ke6 54. g6 Kf6 55. h5 1-0

[Event "2.BLW 1617 Aachener SV - SG Solingen"]
[Site "?"]
[Date "2017.05.08"]
[Round "9.4"]
[White "Piceu, Tom"]
[Black "Schlecht, Daniel"]
[Result "0-1"]
[WhiteElo "2363"]
[BlackElo "2368"]
[PlyCount "134"]
[EventDate "2017.??.??"]

1. d4 d5 2. c4 c6 3. Nf3 Nf6 4. Nc3 e6 5. Bg5 h6 6. Bxf6 Qxf6 7. e3 Nd7 8. Bd3
dxc4 9. Bxc4 g6 10. O-O Qe7 11. e4 Bg7 12. e5 O-O 13. Ne4 Rd8 14. Nd6 c5 15.
dxc5 Nxe5 16. Nxe5 Bxe5 17. Qd2 Qc7 18. Qe2 Qxc5 19. Ne4 Qe7 20. Rad1 Bd7 21.
f4 Bg7 22. Kh1 Bc6 23. b3 Rxd1 24. Rxd1 Rd8 25. Rxd8+ Qxd8 26. Qd2 Qxd2 27.
Nxd2 Bd4 28. Nf1 Kg7 29. h3 Kf6 30. Bd3 Bf2 31. Kh2 Ke7 32. g3 f5 33. Nd2 g5
34. Nc4 Bd4 35. Bf1 b5 36. Na3 a6 37. Nc2 Bc5 38. Bg2 Be8 39. b4 Bb6 40. Bb7 a5
41. Kg2 Kd6 42. Kf3 Kc7 43. Ba6 axb4 44. Nxb4 Bd7 45. fxg5 hxg5 46. h4 Bc5 47.
Nd3 g4+ 48. Kf4 Bd6+ 49. Kg5 Kb6 50. h5 f4 51. Nxf4 Kxa6 52. h6 Be5 53. Kxg4
Ka5 54. h7 Ka4 55. Nd3 Bh8 56. Nc5+ Ka3 57. Nxd7 Kxa2 58. Nc5 b4 59. Kh5 b3 60.
Nxb3 Kxb3 61. Kg6 e5 62. Kf5 Kc4 63. g4 Kd5 64. g5 e4 65. Kg6 Ke6 66. Kh6 e3
67. g6 Kf6 0-1

[Event "2.BLW 1617 Aachener SV - SG Solingen"]
[Site "?"]
[Date "2017.05.08"]
[Round "9.5"]
[White "Michalczak, Thomas"]
[Black "Jackelen, Thomas"]
[Result "0-1"]
[WhiteElo "2252"]
[BlackElo "2403"]
[PlyCount "48"]
[EventDate "2017.??.??"]

1. e4 e6 2. d4 d5 3. Nc3 Nf6 4. e5 Nfd7 5. f4 c5 6. Nf3 Nc6 7. Be3 a6 8. Qd2
Be7 9. dxc5 Nxc5 10. O-O-O Qa5 11. Nd4 Bd7 12. Qf2 O-O 13. h4 Rac8 14. Rh3 f6
15. exf6 Bxf6 16. g4 Nxd4 17. Bxd4 Na4 18. Bxf6 Rxf6 19. Ne4 Rff8 20. a3 Qc7
21. Nc3 Rxf4 22. Qe2 Qb6 23. Nxa4 Bxa4 24. Rd2 Bb5 0-1

[Event "2.BLW 1617 Aachener SV - SG Solingen"]
[Site "?"]
[Date "2017.05.08"]
[Round "9.6"]
[White "Sonntag, Hans-Hubert"]
[Black "Gupta, Milon"]
[Result "1/2-1/2"]
[WhiteElo "2347"]
[BlackElo "2193"]
[PlyCount "27"]
[EventDate "2017.??.??"]

1. e4 d5 2. exd5 Qxd5 3. Nc3 Qd8 4. d4 Nf6 5. Nf3 Bg4 6. h3 Bxf3 7. Qxf3 c6 8.
Be3 e6 9. O-O-O Nbd7 10. Kb1 Bd6 11. g4 Qc7 12. g5 Nd5 13. Ne4 b5 14. c3
1/2-1/2

[Event "2.BLW 1617 Aachener SV - SG Solingen"]
[Site "?"]
[Date "2017.05.08"]
[Round "9.7"]
[White "Kniest, Oliver"]
[Black "Klein, Felix"]
[Result "0-1"]
[WhiteElo "2310"]
[BlackElo "2293"]
[PlyCount "160"]
[EventDate "2017.??.??"]

1. d4 d5 2. c4 e6 3. Nc3 c6 4. Nf3 dxc4 5. a4 Bb4 6. e3 b5 7. Bd2 a5 8. axb5
Bxc3 9. Bxc3 cxb5 10. b3 Bb7 11. bxc4 b4 12. Bb2 Nf6 13. c5 O-O 14. Bb5 Bc6 15.
Ba4 Qc7 16. O-O Bxa4 17. Qxa4 Nc6 18. Rfd1 Rfd8 19. Nd2 e5 20. Nc4 exd4 21.
exd4 Nd5 22. Qb3 Ra6 23. Re1 Nce7 24. Ra4 Rda8 25. Rea1 h6 26. g3 Nf6 27. Nb6
R8a7 28. Rc1 Qc6 29. Nc4 Qe6 30. Qd3 Nfd5 31. Rca1 Nc6 32. Ne3 Nce7 33. Nc4 Nc6
34. Kf1 Qh3+ 35. Kg1 Qe6 36. Ne3 Ra8 37. Nc4 Qg4 38. Re1 Nce7 39. Nd6 Qd7 40.
Rea1 Qe6 41. Nc4 Nc6 42. Ne3 R6a7 43. Nc4 Ra6 44. Ne3 h5 45. h4 Nce7 46. Nc4
Nc6 47. Nd2 R6a7 48. Nc4 Nf6 49. Nd6 Qd5 50. Nc4 Qe6 51. Nd6 Ne7 52. Nc4 Ng4
53. Rxa5 Rxa5 54. Nxa5 Nd5 55. Qd2 f5 56. Re1 Qf6 57. Nc4 f4 58. Qe2 fxg3 59.
fxg3 Kh8 60. Rf1 Qg6 61. Ne5 Nxe5 62. Qxe5 Nf6 63. d5 Ne4 64. Rf5 Rc8 65. Rxh5+
Kg8 66. Qxg7+ Qxg7 67. Bxg7 Kxg7 68. d6 b3 69. Rd5 b2 70. Rd1 Nc3 71. d7 Rf8
72. Re1 Ne2+ 73. Kh2 Nc1 74. Re8 b1=Q 75. Rxf8 Qa2+ 76. Kg1 Ne2+ 77. Kf2 Nd4+
78. Ke3 Qe2+ 79. Kxd4 Qd2+ 80. Kc4 Kxf8 0-1

[Event "2.BLW 1617 Aachener SV - SG Solingen"]
[Site "?"]
[Date "2017.05.08"]
[Round "9.8"]
[White "Meessen, Rudolf"]
[Black "Peschel, Andreas"]
[Result "0-1"]
[WhiteElo "2295"]
[BlackElo "2239"]
[PlyCount "58"]
[EventDate "2017.??.??"]

1. d4 d5 2. Nc3 Nf6 3. Bf4 Bf5 4. f3 e6 5. g4 Bg6 6. h4 h6 7. e3 a6 8. Bd3 Bxd3
9. Qxd3 c5 10. Nge2 Nc6 11. O-O-O c4 12. Qd2 Qa5 13. Kb1 b5 14. a3 b4 15. axb4
Bxb4 16. e4 dxe4 17. g5 Nd5 18. fxe4 Nxc3+ 19. Nxc3 Na7 20. Qe3 Nb5 21. Na2 c3
22. Qe1 Rb8 23. b3 Ba3 24. Bxb8 Bb2 25. Bd6 Nxd6 26. Qg3 Kd7 27. d5 e5 28. Rhf1
Nb5 29. Rxf7+ Kd8 0-1

[Event "2.BLW 1617 SG Köln Porz - SV Mülheim No"]
[Site "?"]
[Date "2017.05.08"]
[Round "9.1"]
[White "Rezasade, Amir"]
[Black "Van Wely, Loek"]
[Result "0-1"]
[WhiteElo "2340"]
[BlackElo "2663"]
[PlyCount "86"]
[EventDate "2017.??.??"]

1. Nf3 c5 2. c4 Nc6 3. Nc3 Nf6 4. g3 g6 5. Bg2 d6 6. d4 cxd4 7. Nxd4 Bd7 8. Nc2
Bg7 9. O-O h5 10. h4 Rc8 11. b3 a6 12. Bd2 O-O 13. Rc1 Re8 14. Ne3 e6 15. Be1
Qc7 16. Ncd5 exd5 17. cxd5 Rxe3 18. dxc6 bxc6 19. fxe3 Ng4 20. Qd3 Qa7 21. Qxd6
Qxe3+ 22. Kh1 Bf5 23. Rxc6 Rxc6 24. Qxc6 Qxe2 25. Qa8+ Kh7 26. Qf3 Qxa2 27. Bc3
Qc2 28. Bxg7 Kxg7 29. b4 Qd2 30. Qf4 Ne3 31. Rg1 Be6 32. Qe5+ Kh7 33. Qf4 Qc3
34. Bf3 Nf5 35. Rc1 Qb2 36. Qc4 Ne3 37. Qc6 Qf2 38. Rg1 Nf5 39. Qe4 Nxg3+ 40.
Rxg3 Qxg3 41. Bg2 Bh3 42. Bf3 Bf5 43. Qb7 Qxh4+ 0-1

[Event "2.BLW 1617 SG Köln Porz - SV Mülheim No"]
[Site "?"]
[Date "2017.05.08"]
[Round "9.3"]
[White "van Osch, Mees"]
[Black "Bok, Benjamin"]
[Result "0-1"]
[WhiteElo "2319"]
[BlackElo "2598"]
[PlyCount "64"]
[EventDate "2017.??.??"]

1. e4 c5 2. Nf3 Nc6 3. d4 cxd4 4. Nxd4 Qb6 5. Nb3 Nf6 6. Nc3 e6 7. Be3 Qc7 8.
a3 a6 9. f4 d6 10. g4 b5 11. Bg2 Nd7 12. Qe2 Nb6 13. a4 b4 14. Nd5 exd5 15.
exd5 Ne7 16. O-O-O Bd7 17. Nc5 Nxa4 18. Nxd7 Kxd7 19. g5 Qa5 20. Bh3+ Kc7 21.
Rd4 Nb6 22. Rc4+ Nxc4 23. Qxc4+ Kb7 24. Re1 Rd8 25. Bf2 Qb5 26. Qd4 Nc8 27. Bf1
Qa5 28. Qc4 Kb8 29. Re4 Rd7 30. Re8 Re7 31. Qd4 Qa1+ 32. Kd2 Qxf1 0-1

[Event "2.BLW 1617 SG Köln Porz - SV Mülheim No"]
[Site "?"]
[Date "2017.05.08"]
[Round "9.4"]
[White "Reinderman, Dimitri"]
[Black "Bus, Tom"]
[Result "1-0"]
[WhiteElo "2580"]
[BlackElo "2195"]
[PlyCount "69"]
[EventDate "2017.??.??"]

1. Nf3 c5 2. c4 Nc6 3. d4 cxd4 4. Nxd4 g6 5. e4 Bg7 6. Be3 Nf6 7. Nc3 O-O 8.
Be2 d6 9. O-O Bd7 10. Qd2 Nxd4 11. Bxd4 Bc6 12. f3 a5 13. b3 Nd7 14. Be3 Qb8
15. Rab1 Rc8 16. Rfc1 b6 17. a3 Bb7 18. Bf1 Be5 19. g3 h5 20. Bh3 e6 21. Nb5
Bc6 22. f4 Bxb5 23. cxb5 Bg7 24. Rxc8+ Qxc8 25. Rc1 Qb7 26. Qxd6 Qxe4 27. Qd2
Ra7 28. Bg2 Qf5 29. Bc6 e5 30. fxe5 Qxe5 31. Re1 Qc3 32. Qxc3 Bxc3 33. Rd1 Nc5
34. Bxc5 bxc5 35. b6 1-0